| 000 | 02296cam a22003011 4500 | ||
|---|---|---|---|
| 001 | 31011 | ||
| 003 | BD-RjUL | ||
| 005 | 20211209051641.0 | ||
| 008 | 140413t1963 nyua 000 0 eng d | ||
| 035 | _a(BD-RjUL)31098 | ||
| 035 | _a(OCoLC)14625650 | ||
| 040 |
_aDLC _cDNLM _dTxShA _dOCoLC _dIaPeC _dUk _dOCoLC _dDLC _dBD-RjUL _beng |
||
| 041 | _aeng | ||
| 060 | 0 |
_aWM 100 _bQ7r 1963 |
|
| 082 | 0 | 4 |
_a132 _bRES 1963 |
| 245 | 1 | 0 |
_aResearch in psychopathology : _bselected readings / _cedited by Herbert C. quay |
| 260 |
_aPrinceton, N.J. : _bNostrand, _cc1963. |
||
| 300 |
_aviii, 216 p. : _bill. ; _c17 cm. |
||
| 490 | 0 |
_aAn Insight book, _vno. 11 |
|
| 505 | 0 | _aThe reliability of psychiatric diagnosis: a new look / Herman O. Schmidt, Charles P. Fonda -- Some personality correlates of stimulus generalization under stress / Charles W. Eriksen -- Conditioning and personality: a study of normal and neurotic subjects / Cyril M. Franks -- A note on the differentiation of normal and neurotic children by means of objective tests / H. J. Eysenck, D. B. Prell -- Factors in parental behavior and personality as related to problem behavior in children / Wesley C. Becker, Donald R. Peterson, Leo A. Hellmer, Donald J. Shoemaker, Herbert C. Quay -- Symptom patterns in a group of mental hospital patients / J. R. Wittenborn -- A genetic approach to the interpretation and evaluation of the process-reactive distinction in schizophrenia / Wesley C. Becker -- Schizophrenic intellectual impairment; uniform or differential? / Arnold Binder. | |
| 505 | 0 | _a"Conceptual level" vs. "Conceptual area" analysis of object-sorting behavior of schizophrenic and nonpsychiatric groups / Laurence S. McGaughran, Louis J. Moran -- The parental attitudes of mothers of schizophrenics / Marvin Zuckerman, Mary Oltean, Irwin Monashkin -- A comparative study of the personal histories of schizophrenic and nonpsychiatric patients / William Schofield, Lucy Balian -- A study of anxiety in the sociopathic personality / David T. Lykken -- Retention in psychopathic, neurotic, and normal subjects / Lewis J. Sherman. | |
| 650 | 0 |
_aPsychology, Pathological. _994279 |
|
| 650 | 0 |
_aPsychology _xResearch. _994280 |
|
| 700 | 1 |
_aQuay, Herbert C. _994281 |
|
| 942 |
_2ddc _cBK |
||
| 999 |
_c31011 _d31011 |
||